| 000 | 00712nam a2200217 a 4500 | ||
|---|---|---|---|
| 999 |
_c6443 _d6443 |
||
| 001 | 6443 | ||
| 003 | BD-JhCC | ||
| 005 | 20180123121822.0 | ||
| 008 | 180123s1383 bg |||| ||a| 000 0 ben d | ||
| 035 | _a(BD-JhCC)6443 | ||
| 040 |
_aBD-JhCC _dBD-JhCC |
||
| 041 | _aben | ||
| 082 |
_a297 _bSHA 1383 |
||
| 100 | _aশহীদ, সাইয়্যেদ কুতুব | ||
| 245 |
_aইসলাম ও সামাজিক বিপ্লব / _cসাইয়্যেদ কুতুব শহীদ, |
||
| 260 |
_aঢাকা : _bশিরীন পাবলিকেশন্স, _c1383 |
||
| 300 |
_a206 p. : _c20 cm. |
||
| 650 | _aIslam and Social Revolution | ||
| 942 |
_2ddc _cBK |
||